The Biggest Export Nations - Statistics

General Stats
  • This quiz has been taken 38 times
  • The average score is 22 of 25
Answer Stats
Value Country % Correct
4.1 Trillion China
100%
394 Billion Brazil
97%
977 Billion France
97%
2.1 Trillion Germany
97%
714 Billion Mexico
97%
398 Billion Australia
94%
661 Billion Canada
94%
786 Billion India
94%
740 Billion Italy
94%
843 Billion Japan
94%
485 Billion Russia
94%
597 Billion Spain
94%
1 Trillion United Kingdom
94%
2.7 Trillion United States of America
94%
488 Billion Poland
92%
762 Billion South Korea
89%
412 Billion Turkey
89%
376 Billion Vietnam
83%
947 Billion Netherlands
81%
397 Billion Saudi Arabia
81%
555 Billion Belgium
78%
644 Billion Switzerland
78%
857 Billion Singapore
67%
451 Billion United Arab Emirates
61%
747 Billion Ireland
56%
No matching quizzes found
Score Distribution
Percent of People with Each Score
Percentile by Number Answered
Your Score History
You have not taken this quiz